Journal of Intellectual Property Law & Practice

Détails bibliographiques
Format: Électronique Revue
Langue:English
Publié: Oxford University Press
Sujets:
Accès en ligne:Full text available on Oxford Academic
Off-campus access
LEADER 00941cas a2200205 a 4500
001 AALejournalOSO000264
008 230101c9999 xx r poo 0 0eng d
022 |a 1747-1532 
022 |a 1747-1540 
040 |a BD-DhAAL  |c BD-DhAAL 
245 0 0 |h [electronic resource]  |a Journal of Intellectual Property Law & Practice 
260 |b Oxford University Press 
300 |a 1 online resource 
500 |a <strong>Off-Campus Access:</strong> Athens ID and Password Required 
500 |a <strong>On-Campus Access:</strong> No User ID or Password Required 
506 |a Electronic access restricted to authorized BRAC University faculty, staff and students 
538 |a Mode of access: Internet 
650 4 |a Intellectual Property Law 
856 4 0 |z Full text available on Oxford Academic  |u https://academic.oup.com/jiplp/issue 
856 4 0 |z Off-campus access  |u https://go.openathens.net/redirector/bracu.ac.bd?url=https%3A%2F%2Facademic.oup.com%2Fjiplp%2Fissue